| 000 | 00667nam a2200229Ia 4500 | ||
|---|---|---|---|
| 003 | IIN | ||
| 005 | 20240206130917.0 | ||
| 008 | 231217s9999 xx 000 0 und d | ||
| 020 |
_cRs.300.00 _a9788192406015 (pbk) |
||
| 040 |
_aIIN _bEnglish |
||
| 082 |
_a616.890231 _bKPA |
||
| 100 | 1 | _aKapoor, Bimla | |
| 245 | 2 |
_aA Textbook Psychiatric Nursing / _cBimla Kapoor |
|
| 250 | _a3rd ed | ||
| 260 |
_aDelhi : _bKumar Pub, _c2010 |
||
| 300 | _axviii-4922p. | ||
| 440 | _vVol.2 | ||
| 500 | _aIncluding Glossary (477-480), References (481-484), Index (485-492) end of the book. | ||
| 650 | 1 |
_aMental Health _vNursing |
|
| 651 | _aPsychiatric Nursing | ||
| 942 | _cBOOK | ||
| 999 |
_c1655 _d1655 |
||